Fundamentos de medicina : (Registro nro. 22395)

Detalles MARC
000 -LEADER
fixed length control field 01425nam a2200325 4500
001 - CONTROL NUMBER
control field 0000019705
003 - CONTROL NUMBER IDENTIFIER
control field CO-CtgCURN
005 - DATE AND TIME OF LATEST TRANSACTION
control field 20250506162213.0
007 - PHYSICAL DESCRIPTION FIXED FIELD--GENERAL INFORMATION
fixed length control field ta
008 - FIXED-LENGTH DATA ELEMENTS--GENERAL INFORMATION
fixed length control field 160627s2003 000 0 eng d
020 ## - INTERNATIONAL STANDARD BOOK NUMBER
International Standard Book Number 958940068X
040 ## - CATALOGING SOURCE
Original cataloging agency CO-CtgCURN
Language of cataloging spa
Transcribing agency coctgcurn
082 0# - DEWEY DECIMAL CLASSIFICATION NUMBER
Classification number 616.025
Item number G643p
100 1# - MAIN ENTRY--PERSONAL NAME
Personal name Velez A., Hernan.
245 10 - TITLE STATEMENT
Title Fundamentos de medicina :
Remainder of title paciente en estado crítico /
Statement of responsibility, etc. Hernan Velez A., William Rojas M., Jorge Restrepo M.
250 ## - EDITION STATEMENT
Edition statement 3a ed.
260 ## - PUBLICATION, DISTRIBUTION, ETC.
Place of publication, distribution, etc. Medellin :
Name of publisher, distributor, etc. CIB (Corporación para Investigaciones biologicas),
Date of publication, distribution, etc. 2003.
300 ## - PHYSICAL DESCRIPTION
Extent 634 p.
336 ## - CONTENT TYPE
Source rdacontent
337 ## - MEDIA TYPE
Source rdamedia
Media type term sin mediacion
Media type code n
338 ## - CARRIER TYPE
Source rdacarrier
Carrier type term volumen
Carrier type code nc
500 ## - GENERAL NOTE
General note Incluye indice.
505 8# - FORMATTED CONTENTS NOTE
Formatted contents note Tecnología etica y evidencia.--Enfermeria en la unidad de cuidados intencivos.--Analgesia, sedacion y relacion en el paciente criticamente enfermo.--Trastornos acido basicos.--Desordenes electroliticos.--Uso de intropicos y vasoactivos en cuidados intensivos.--Soporte nutricional y metabolico del paciente criticamente enfermo
650 14 - SUBJECT ADDED ENTRY--TOPICAL TERM
Topical term or geographic name entry element Cirugia
Form subdivision Tratamiento operatorio.
700 1# - ADDED ENTRY--PERSONAL NAME
Personal name Velez A., Hernan
-- Rojas M., William
-- Restrepo M., Jorge.
908 ## - PUT COMMAND PARAMETER (RLIN)
Put command parameter 160627
942 ## - ADDED ENTRY ELEMENTS (KOHA)
Koha item type Libros
Classification part 616.025
Item part G643p
Source of classification or shelving scheme Dewey Decimal Classification
Suppress in OPAC No
Existencias
Withdrawn status Lost status Source of classification or shelving scheme Damaged status Not for loan Collection Home library Current library Shelving location Date acquired Inventory number Total checkouts Full call number Barcode Date last seen Copy number Price effective from Koha item type Public note
    Dewey Decimal Classification     General Miguel Henríquez Emiliani Miguel Henríquez Emiliani General 03/31/2025 004487   616.025 G643p 004487 03/31/2025 ej.1 03/31/2025 Libros 610-CIENME
    Dewey Decimal Classification     General Miguel Henríquez Emiliani Miguel Henríquez Emiliani General 03/31/2025 013377   616.025 G643p 013377 03/31/2025 ej.2 03/31/2025 Libros 610-CIENME